书目信息 |
| 题名: |
菲律宾共和国
|
|
| 作者: | 赛义德 著 ;吴世昌 , 温锡增 译 | |
| 分册: | 下册 | |
| 出版信息: | 北京 商务印书馆 1979 |
|
| 页数: | 339-632页 | |
| 开本: | 20cm | |
| 丛书名: | ||
| 单 册: | ||
| 中图分类: | K341 | |
| 科图分类: | ||
| 主题词: | 亚洲--历史 | |
| 电子资源: | ||
| ISBN: | ||
| 000 | 00785nam0 2200265 45 | |
| 001 | 0179003823 | |
| 005 | 20040310195439.1 | |
| 010 | @dCNY1.95 | |
| 091 | @a11017.437 | |
| 100 | @a19950725d1979 em y0chiy0121 ea | |
| 101 | 1 | @achi@ceng |
| 102 | @aCN@b110000 | |
| 105 | @ay z 000yy | |
| 106 | @ar | |
| 200 | 10 | @a菲律宾共和国@Afei lv bin gong he guo@e历史、政府与文明@h下册@f(菲律宾)格雷德戈里奥·F·赛义德著@F(Fei Lu Bin)Ge Lei De Ge Li Ao·F·Sai Yi De Zhu@g吴世昌,温锡增译 |
| 210 | @a北京@c商务印书馆@d1979 | |
| 215 | @a339-632页@d20cm | |
| 300 | @a内部发行 | |
| 606 | 0 | @a亚洲@x历史 |
| 690 | @aK341@v3 | |
| 701 | 0 | @a赛义德@4著 |
| 702 | 0 | @a吴世昌@Awu shi chang@4译 |
| 702 | 0 | @a温锡增@Awen xi zeng@4译 |
| 801 | 0 | @aCN@bNLC@c20040310 |
| 905 | @dK341@e1:2@f1@b22309 | |
| 菲律宾共和国:历史、政府与文明.下册/(菲律宾)格雷德戈里奥·F·赛义德著/吴世昌,温锡增译.-北京:商务印书馆,1979 |
| 339-632页;20cm |
| 内部发行 |
| ISBN :CNY1.95 |
| ● |
| 相关链接 |
|
|
|
|
正题名:菲律宾共和国
索取号:K341/1:2
 
预约/预借
| 序号 | 登录号 | 条形码 | 馆藏地/架位号 | 状态 | 备注 |
| 1 | 0022309 | 001911569 | 密集书库/ [索取号:K341/1:2] | 在馆 | |
| 2 | 0218858 | 001694045 | 第二样本阅览室/ [索取号:K341/1:2] | 在馆 |